01628nam a2200445 i 450000100060000000300080000600500170001400600190003100700150005000800410006502000180010602000280012403500220015204000310017405000250020508000240023008000240025408000160027808200120029410000350030624500680034126400390040930000410044833600310048933700330052033800430055349000420059650400540063858800830069259001620077560000350093765000190097265000240099165000180101565000240103365500270105779700180108485600630110299900170116521379FINmELB20241216213924.0m o u cr cn|||||||||201005s2015 sp ob 001 0 spa d z9788416345205 a9788416345533q(e-book) a(OCoLC)1198352592 aFINmELBbspaerdacFINmELB14aB3279.H49bQ473 2015 a1 Heidegger, Martin a323.12(=411.16:430) a329.18(430)04a3052231 aQuesada, Julio,d1950-eautor.10aCultura y barbarie :bracismo y antisemitismo /cJulio Quesada. 1aMadrid :bBiblioteca Nueva,c2015. a1 recurso en línea (319 páginas) atextobtxt2rdacontent/spa acomputadorabc2rdamedia/spa arecurso en líneabcr2rdacarrier/spa0 aColección Razón y sociedad ;v133 aIncluye referencias bibliográficas e índices. aDescripción basada en metadatos suministrados por el editor y otras fuentes. aRecurso electrónico. Santa Fe, Arg.: elibro, 2020. Disponible vía World Wide Web. El acceso puede estar limitado para las bibliotecas afiliadas a elibro.14aHeidegger, Martin,d1889-1976. 4aAntisemitismo. 4aNacionalsocialismo. 0aAntisemitism. 0aNational socialism. 4aLibros electrónicos.2 aelibro, Corp.40uhttps://elibro.net/ereader/politecnicointernacional/120686 c21379d21379